Wszystkie grywalne postacie w Tekken 2 - Statystyki

Ogólne statystyki
  • Ten quiz został rozwiązany 5 razy
  • Średni wynik to 18 z 23
Statystyki odpowiedzi
Odpowiedź % Poprawnych
Anna Williams
100%
Ganryu
100%
Jack 2
100%
Jun Kazama
100%
Kazuya Mishima
100%
Lei Wulong
100%
Marshall Law
100%
Michelle Chang
100%
Nina Williams
100%
Paul Phoenix
100%
Roger
100%
Armor King
67%
Heihachi Mishima
67%
King
67%
Kuma
67%
Kunimitsu
67%
Lee Chaolan
67%
Prototype Jack
67%
Wang Jinrei
67%
Yoshimitsu
67%
Bruce Irvin
33%
Devil
33%
Baek Doo San
0%
Nie znaleziono quizów pasujących do podanych kryteriów
Rozkład punktacji
Procent ludzi z każdym wynikiem
Percentyl według liczby udzielonych odpowiedzi
Twoja historia wyników
Nie rozwiązałeś tego quizu